| 000 | 00355nam a22001577a 4500 | ||
|---|---|---|---|
| 003 | SGT | ||
| 020 | _a978-81-239-1001-7 | ||
| 082 |
_a616.01 _bP04R |
||
| 100 | _aREED, GERALD,Ed. | ||
| 245 | _aPRESCOTT & DUNN'S INDUSTRIAL MICROBIOLOGY | ||
| 250 | _a4TH | ||
| 260 |
_aNEW DELHI _bCBS PUB _c2004 |
||
| 300 | _a883 | ||
| 650 | _aPHARMACY | ||
| 942 |
_2ddc _cBK |
||
| 999 |
_c16093 _d16093 |
||